000 00582nam a2200181 i 4500
001 78280
003 ES-MaACL
005 20230906173636.0
007 t|
008 041013s1967 sp ||||1| spa d
100 1 _aHäring, Bernhard.
_961847
245 1 3 _aLa nueva alianza vivida en los sacramentos
_b: meditaciones /
_cBernhard Häring ; [versión de P. Pinedo Arzá].
260 _aBarcelona :
_bHerder,
_c1967.
300 _a328 p. ;
_c22 cm.
650 4 _aSacramentos-
_xMeditaciones.
_9165940
700 1 _aPinedo Arza, Pedro.
_992111
852 _aES-MaACL
_jC-32725
_bR.63562
999 _c78280
_d78280